00673nam a2200241 a 4500001001300000003000900013005001700022008004100039020000900080082001600089100001300105245002400118260004400142300000800186500003500194505002400229650001800253700001300271902000800284942000700292952011500299999001700414nice12345678IN_TiNIC20260116013743.0050524s1997 lona grp 000 0 eng  ac7000a912.19bOXF aOxford,  aOxford School Atlas aLondan bOxford University Press c1997 a88p aincludes index and biblioraphy2 aBibliography, Index aAtlases-World1 aOxford,  bSRS cBK 001040708StackRoom-aHMIbHMId2007-06-05g70.00l0o912.19 OXFp018775r2007-06-05v70.00w2005-05-24yBK c12314d12314